| 000 | 01225nam a2200301Ia 4500 | ||
|---|---|---|---|
| 003 | GCL | ||
| 008 | 140319s9999 xx 000 0 ara d | ||
| 040 |
_aGCL / _cGCL |
||
| 082 | 0 | 4 |
_aط _b028.5 _bم ك |
| 100 | 1 | _aمكتبة لبنان | |
| 245 | 1 | 0 |
_aكتب ليدبيرد الرائدة : _bاوراق النبات\الهواء\خبايا الارض\صغار الحيوانات\ضخام الحيوانات\عجول البحر والحيتان\البط والوز\البيوت\الاسودوالنمور\الجبال\الجزر\الجنود\الحصون والقلاع\الخبز\الدببة\البن والقهوة\السيارة فى خدمة الانسان / _cمكتبة لبنان |
| 260 |
_aبيروت : _bمكتبة لبنان |
||
| 300 |
_aمتعدد ؛ _c18 سم |
||
| 490 |
_aسلسلة ليدبيرد الرائدة _v0 |
||
| 650 | 0 | 4 | _aالصوت |
| 650 | 0 | 4 | _aالفواكهة |
| 650 | 0 | 4 | _aالهواء |
| 650 | 0 | 4 | _aالقطارات |
| 650 | 0 | 4 | _aالديناصورات |
| 650 | 0 | 4 | _aالاسود |
| 650 | 0 | 4 | _aالدببة |
| 650 | 0 | 4 | _aالماء |
| 650 | 0 | 4 | _aالجبال |
| 650 | 0 | 4 | _aالبط |
| 650 | 0 | 4 | _aالنمور |
| 650 | 0 | 4 | _aالحيوانات - قصص |
| 942 |
_2ddc _cBK |
||
| 999 |
_c57242 _d57242 |
||